00486nam a2200157 a 450000500170000000800410001702000180005805000180007610000190009424500480011326000310016144000250019252000700021765000220028765000190030920140412111406.0070822s19uu xx 00 eng d a1-7497-0317-2 aERbNo66 1989 aHawkins, Colin aNoah built an ark one day /cColin Hawkins. aNew York :bPutnam,c1989. aA lift-the-flap book aThe animals enter Noah's ark in various grouping from one to ten. aChildren's poetry aNursery Rhymes